Kluby, którym Arkadiusz Milik strzelił najwięcej goli - Statystyki

Ogólne statystyki
  • Ten quiz został rozwiązany 23 razy
  • Średni wynik to 4 z 13
Statystyki odpowiedzi
Hint Odpowiedź % Poprawnych
4 gole AC Milan
87%
4 gole Juventus
87%
4 gole SSC Napoli
87%
5 goli SS Lazio
65%
7 goli Bologna FC 1909
43%
5 goli Parma Calcio
26%
4 gole Crotone
9%
5 goli Frosinone Calcio
9%
6 goli Angers SCO
0%
6 goli JOS Watergraafsmeer
0%
4 gole Olymique de Marseille
0%
6 goli SC Heerenveen
0%
5 goli Willem II
0%
Nie znaleziono quizów pasujących do podanych kryteriów
Rozkład punktacji
Procent ludzi z każdym wynikiem
Percentyl według liczby udzielonych odpowiedzi
Twoja historia wyników
Nie rozwiązałeś tego quizu